[Event "Iran-ch U20"]
[Site "Semnan"]
[Date "2016.04.20"]
[Round "1.1"]
[White "Gholami, Aryan"]
[Black "Arvan, Amirhosein"]
[Result "1-0"]
[WhiteElo "2429"]
[BlackElo "1847"]
[PlyCount "73"]
[EventDate "2016.04.20"]
[EventType "swiss"]
[EventRounds "9"]
[EventCountry "IRI"]
[SourceTitle "EXT 2024"]
[Source "ChessBase"]
[SourceDate "2023.10.10"]
[SourceVersion "1"]
[SourceVersionDate "2023.10.10"]
[SourceQuality "1"]

1. d4 Nf6 2. Nf3 d6 3. g3 Nbd7 4. c4 g6 5. Bg2 Bg7 6. Nc3 0-0 7. 0-0 e5 8. e3 Nh5 9. b3 f5 10. Bb2 Rb8 11. Qc2 e4 12. Nd2 b6 13. f3 exf3 14. Nxf3 Bb7 15. d5 Re8 16. Rae1 Nf8 17. e4 Bc8 18. Qd2 f4 19. gxf4 Qf6 20. Ng5 h6 21. Nd1 Qd8 22. Nf3 Bxb2 23. Nxb2 Qf6 24. Nd3 Bg4 25. e5 Qg7 26. Nd4 Bf5 27. Nxf5 gxf5 28. Kh1 Qg6 29. Bf3 Ng7 30. Rg1 Qh7 31. Rg3 Re7 32. Reg1 Kh8 33. Qc3 Nd7 34. e6 Nc5 35. Nxc5 bxc5 36. Qf6 Rbe8 37. Bh5 1-0